Class in American society (Record no. 417579)

000 -LEADER
fixed length control field 00390cam a22001217a 4500
008 - FIXED-LENGTH DATA ELEMENTS--GENERAL INFORMATION
fixed length control field 180718b1959 xxu||||| |||| 00| 0 eng d
082 ## - DEWEY DECIMAL CLASSIFICATION NUMBER
Classification number B123x73 R278
100 ## - MAIN ENTRY--PERSONAL NAME
Personal name Reissman, Leonard
245 ## - TITLE STATEMENT
Title Class in American society
Statement of responsibility, etc. by Leonard Reissman,
260 ## - PUBLICATION, DISTRIBUTION, ETC.
Place of publication, distribution, etc. London
Name of publisher, distributor, etc. Routledge & Kegan Paul
Date of publication, distribution, etc. 1959
300 ## - PHYSICAL DESCRIPTION
Extent 436p
650 ## - SUBJECT ADDED ENTRY--TOPICAL TERM
Topical term or geographic name entry element Social classes -United States.United States -Social conditions.
Holdings
Withdrawn status Lost status Damaged status Not for loan Permanent Location Current Location Date acquired Full call number Barcode Date last seen Price effective from Koha item type
        Indian Institute of Public Administration Indian Institute of Public Administration 2009-03-26 B123x73 R278 21950 2018-07-21 2018-07-21 Book

Powered by Koha